000
00302nam a22001217a 4500
008
230619b xxu||||| |||| 00| 0 eng d
082
_a
025
_b
IFLA
110
_b
IFLA
245
_a
65th IFLA Council and General Conference August 20-28, 1999
_b
Booklet 5
260
_c
`
300
_a
68p
942
_2
ddc
_c
BK
999
_c
1166
_d
1166